000 00738nam a22002657a 4500
001 BR9508076
003 BR-BrBNA
005 20230928094732.0
007 ta
008 230509b bl.||||| |||| 00| 0 por d
040 _aBR-BrBNA
_bpor
_cBiblioteca Nacional de Agricultura
041 _a(Por)
072 _aK50
_b2480
090 _ 2480 BR9508076
110 1 _aSuperintendencia da Borracha, Itabuna, BA (Brasil)
_910021
245 1 _aComo produzir folha fumada de melhor qualidade e ganhar mais dinheiro
260 3 _aItabuna, BA (Brasil):
_c[nd].
300 _a25 p.
500 _a32 illus.
650 _aSeringueira
650 _aBorracha
650 _aProcessamento
909 _a202309
_bLucia
_c55
_dLucia Elande
942 _cBK
999 _c52354
_d52354